000 00475nam a22001577a 4500
005 20250715173435.0
008 250715b |||||||| |||| 00| 0 eng d
020 _a9780800663094
050 _aBS 2545
_b.S55H37 HAN
100 _aHANSON, K. C.
245 _aPALESTINE IN THE TIME OF JESUS
_bSocial Structures and Social Conflicts
_cK. C. HANSON
250 _a2ND EDITION
260 _aMINNEAPOLIS
_bFORTRESS PRESS
_cc1998
300 _axxii,; 231p.;
_bill.
942 _2lcc
_cBK
_n0
999 _c6980
_d6980